<?xml version="1.0" encoding="UTF-8"?>
<marc:record xmlns:marc="http://www.loc.gov/MARC21/slim">
   <marc:leader>00000nam a2200000 a 4500</marc:leader>
   <marc:datafield ind1="1" ind2=" " tag="100">
      <marc:subfield code="a">Nöstlinger, Christine</marc:subfield>
      <marc:subfield code="4">aut</marc:subfield>
      <marc:subfield code="e">Verfasser/-in</marc:subfield>
   </marc:datafield>
   <marc:datafield ind1="0" ind2="0" tag="245">
      <marc:subfield code="a">Gretchen mein Mädchen</marc:subfield>
   </marc:datafield>
   <marc:datafield ind1=" " ind2="1" tag="264">
      <marc:subfield code="b">Oetinger</marc:subfield>
      <marc:subfield code="c">1988</marc:subfield>
   </marc:datafield>
   <marc:datafield ind1="1" ind2=" " tag="520">
      <marc:subfield code="a">Endlich Neues von Gretchen Sackmeier! Der Familienfrieden ist notdürftig wiederhergestellt, Gretchen hat "Beziehungs-Stress". Irgendwann muss sie sich ja nun zwischen dem Softie Hinzel und dem Macho Florian Kalb entscheiden. Dazwischen gibt's allerlei Cliquen-Gequatsche, Party-Verwirrung und Familien-Nerverei mit der endgültig emanzipierten Mama und dem weinerlichen Papa - aber schliesslich sitzt der süsse Hinzel auf den Stufen vom Traumhaus in Griechenland, und Gretchen weiss: Jetzt schnackelt's! Nöstlingers Sackmeier-Serie ist einfach ein Glücksfall. So unangestrengt wie bei Band 1 und 2 klingt auch die Schreibe im 3. Band. Keine Lamentiererei oder aufgesetzte Schnoddrigkeit, keine zwanghaften Modernismen - es passiert nicht viel, aber Gretchens Seelenlage hält einen in Atem. Eine Zeitgeist-Geschichte der besten Sorte. - Sehr empfohlen!</marc:subfield>
   </marc:datafield>
   <marc:datafield ind1=" " ind2=" " tag="020">
      <marc:subfield code="a">9783789120794</marc:subfield>
      <marc:subfield code="9">9783789120794</marc:subfield>
   </marc:datafield>
</marc:record>
